| 000 | 01036nam a22001937a 4500 | ||
|---|---|---|---|
| 003 | JO-AjAnu | ||
| 005 | 20250715220937.0 | ||
| 008 | 250715b jo ||||| |||| 00| 0 ara d | ||
| 040 |
_aANU _cJO-AjAnu |
||
| 041 | _hARA | ||
| 100 |
_aالنعيمات، آثار عبدالله احمد _eمعد _966600 |
||
| 245 |
_aأثر التحول الرقمي في استدامة الإنتاج الرشيق في مصانع الأغذية الأردنية = The Impact of Digital Transformation on the Sustainability of Lean Production in Jordanian Food Factories _c / إعداد آثار عبدالله احمد النعيمات ؛ اشراف نضال فواز القضاة |
||
| 260 | _c2025 | ||
| 300 | _a92 ورقة | ||
| 500 | _aرسالة جامعية (رسالة ماجستير في إدارة الأعمال) - جامعة عجلون الوطنية (الاردن-عجلون) - كلية الأعمال، 2025 | ||
| 650 | _vالانتاج-إدارة | ||
| 700 |
_aالقضاة، نضال فواز _964892 _eمشرف |
||
| 942 |
_2lcc _cTHS _n0 |
||
| 999 |
_c33948 _d33948 |
||